Memórias : (Record no. 1448)

MARC details
000 -LÍDER
Campo Fixo de Controle 01228nam a2200277 a 4500
001 - NÚMERO DE CONTROLE
Campo de Controle 1448
003 - IDENTIFICAÇÃO DO NÚMERO DE CONTROLE
Campo de Controle BR-CuiBMT
005 - DATA E HORA DA ÚLTIMA ATUALIZAÇÃO
Campo de Controle 20231216193803.0
008 - DADOS FIXOS
Dados Fixos 231210s2013 scba 000 0 por d
040 ## - AGÊNCIA CATALOGADORA
Código da Agência Catalogadora BR-CuiBMT
Agência que transcreveu o registro BR-CuiBMT
080 ## - Nº DA CLASSIFICAÇÃO DECIMAL UNIVERSAL
Nº Class. CDU 351.94:336.148
Subd. Auxiliar Comum (816.4)
Nº edição CDU 2007
090 ## - NÚMERO DE CHAMADA
Nº classificação 351.94:336.148(816.4)
Cutter S231m
110 1# - ENTRADA PRINCIPAL -- ENTIDADE
Nome da entidade ou lugar Santa Catarina.
Unidade subordinada Tribunal de Contas.
245 10 - TÍTULO PRINCIPAL
Título principal Memórias :
Subtítulo Tribunal de Contas de Santa Catarina /
Indicação de responsabilidade Tribunal de Contas de Santa Catarina.
246 14 - FORMAS VARIANTES DO TÍTULO
Título principal Memórias :
Subtítulo Tribunal de Contas de Santa Catarina : posse, novo edifício, medalha do mérito, discursos
260 ## - PUBLICAÇÃO, DISTRIBUIÇÃO, ETC.
Local de publicação Florianópolis :
Editora TCE-SC,
-- ACOM,
Data 2013.
300 ## - DESCRIÇÃO FÍSICA
N. páginas ou volumes 95 p. :
Ilustrações il. ;
Dimensões 19 cm
490 1# - INDICAÇÃO DE SÉRIE
Título da série Coleção memórias Tribunal de Contas de Santa Catarina ;
Volume/designação sequencial da série v. 1
610 1# - ASSUNTO -- ENTIDADE
Nome da Entidade ou lugar Santa Catarina.
Unidade subordinada Tribunal de Contas
Subdivisão geral Memória institucional
650 ## - ASSUNTO TÓPICO
Cabeçalho tópico ou nome geográfico Administração pública
Subdivisão geral Santa Catarina
650 ## - ASSUNTO TÓPICO
Cabeçalho tópico ou nome geográfico Tribunal de contas
Subdivisão geográfica Santa Catarina
Subdivisão geral História
650 ## - ASSUNTO TÓPICO
Cabeçalho tópico ou nome geográfico Controle externo
Subdivisão geográfica Memória institucional
830 #0 - ENTRADA SECUNDÁRIA DE SÉRIE -- TÍTULO UNIFORME
Título uniforme Memórias Tribunal de Contas de Santa Catarina ;
Nº do volume/designação sequencial da série 1
856 4# - LOCALIZAÇÃO E ACESSO ELETRÔNICO
Endereço eletrônico (URI) <a href="https://www.tcesc.tc.br/sites/default/files/Mem%C3%B3rias%201.pdf">https://www.tcesc.tc.br/sites/default/files/Mem%C3%B3rias%201.pdf</a>
Texto do link Disponível também online.
Localização e acesso eletrônico 16/12/2023
942 ## - ELEMENTOS DE ENTRADA ADICIONAIS (KOHA)
Fonte de classificação ou esquema de arquivamento Classificação Decimal Universal
Tipo de item do Koha Livros
Holdings
Estado: removido Estado: perdido Fonte de classificação ou esquema de arquivamento Estado: danificado Indisponível para empréstimo Localização permanente Localização atual Data de aquisição Total Checkouts Número de Chamada completo Código de barras Date last seen Número do exemplar Preço efetivo a partir de Tipo de item (Koha)
    Classificação Decimal Universal     Biblioteca da Escola Superior de Contas do TCE/MT Biblioteca da Escola Superior de Contas do TCE/MT 10/12/2023   351.94:336.148(816.4) S231m BIBTCEMT23120340 10/12/2023 Ex. 1 10/12/2023 Livros

Powered by Koha